[Event "European Women's Chess Club Cup 2023"]
[Site "Durres, Albania"]
[Date "2023.10.07"]
[Round "7.1"]
[White "Houska, Jovanka"]
[Black "Stefanova, Antoaneta"]
[Result "1-0"]
[TimeControl "90' + 30' & 30\""]
[WhiteElo "2340"]
[BlackElo "2424"]

1. d4 {[%clk 01:30:56]} {[%emt 00:00:03]} d5 {[%clk 01:29:55]} {[%emt
00:01:06]} 2. c4 {[%clk 01:31:22]} {[%emt 00:00:04]} e6 {[%clk 01:30:13]}
{[%emt 00:00:11]} 3. Nc3 {[%clk 01:31:48]} {[%emt 00:00:05]} Nf6 {[%clk
01:16:48]} {[%emt 00:13:54]} 4. cxd5 {[%clk 01:30:36]} {[%emt 00:01:43]} exd5
{[%clk 01:17:14]} {[%emt 00:00:04]} 5. Bg5 {[%clk 01:30:55]} {[%emt 00:00:10]}
c6 {[%clk 01:12:18]} {[%emt 00:05:27]} 6. e3 {[%clk 01:30:23]} {[%emt
00:01:02]} h6 {[%clk 01:07:36]} {[%emt 00:05:12]} 7. Bh4 {[%clk 01:30:42]}
{[%emt 00:00:11]} Be7 {[%clk 01:07:07]} {[%emt 00:00:59]} 8. Bd3 {[%clk
01:30:01]} {[%emt 00:01:11]} Nbd7 {[%clk 01:05:08]} {[%emt 00:02:29]} 9. h3
{[%clk 01:29:19]} {[%emt 00:01:12]} O-O {[%clk 01:04:15]} {[%emt 00:01:23]} 10.
Qc2 {[%clk 01:26:24]} {[%emt 00:03:24]} Re8 {[%clk 00:57:00]} {[%emt 00:07:45]}
11. Nf3 {[%clk 01:24:09]} {[%emt 00:02:45]} Ne4 {[%clk 00:45:46]} {[%emt
00:11:44]} 12. Bxe7 {[%clk 01:08:13]} {[%emt 00:16:26]} Qxe7 {[%clk 00:46:06]}
{[%emt 00:00:10]} 13. Bxe4 {[%clk 01:07:12]} {[%emt 00:01:32]} dxe4 {[%clk
00:46:31]} {[%emt 00:00:05]} 14. Nd2 {[%clk 01:07:39]} {[%emt 00:00:02]} f5
{[%clk 00:42:20]} {[%emt 00:04:41]} 15. g4 {[%clk 00:43:21]} {[%emt 00:24:48]}
Nf6 {[%clk 00:37:41]} {[%emt 00:05:09]} 16. gxf5 {[%clk 00:35:45]} {[%emt
00:08:07]} Bxf5 {[%clk 00:37:12]} {[%emt 00:00:59]} 17. O-O-O {[%clk 00:34:54]}
{[%emt 00:01:21]} c5 {[%clk 00:35:17]} {[%emt 00:02:25]} 18. dxc5 {[%clk
00:33:31]} {[%emt 00:01:53]} Qxc5 {[%clk 00:31:40]} {[%emt 00:04:06]} 19. Nb3
{[%clk 00:30:17]} {[%emt 00:03:44]} Qe5 {[%clk 00:29:50]} {[%emt 00:02:20]} 20.
Nd4 {[%clk 00:29:26]} {[%emt 00:01:22]} Be6 {[%clk 00:29:18]} {[%emt 00:01:02]}
21. Nxe6 {[%clk 00:28:38]} {[%emt 00:01:18]} Rxe6 {[%clk 00:28:27]} {[%emt
00:01:22]} 22. Rd4 {[%clk 00:27:31]} {[%emt 00:01:36]} Rc8 {[%clk 00:21:35]}
{[%emt 00:07:21]} 23. Rhd1 {[%clk 00:27:14]} {[%emt 00:00:48]} Kh7 {[%clk
00:18:22]} {[%emt 00:03:43]} 24. Kb1 {[%clk 00:16:09]} {[%emt 00:11:35]} Qh2
{[%clk 00:15:29]} {[%emt 00:03:23]} 25. Rb4 {[%clk 00:13:24]} {[%emt 00:03:14]}
b6 {[%clk 00:13:43]} {[%emt 00:02:17]} 26. Qa4 {[%clk 00:08:20]} {[%emt
00:05:34]} Qxf2 {[%clk 00:12:05]} {[%emt 00:02:08]} 27. Qxa7 {[%clk 00:06:50]}
{[%emt 00:02:00]} Qxe3 {[%clk 00:12:03]} {[%emt 00:00:32]} 28. Rb3 {[%clk
00:05:07]} {[%emt 00:02:13]} Qf3 {[%clk 00:09:26]} {[%emt 00:03:07]} 29. Rg1
{[%clk 00:04:54]} {[%emt 00:00:43]} Rg8 {[%clk 00:08:15]} {[%emt 00:01:40]} 30.
Qf7 {[%clk 00:04:47]} {[%emt 00:00:38]} Rd6 {[%clk 00:02:51]} {[%emt 00:05:52]}
31. Nd5 {[%clk 00:03:54]} {[%emt 00:01:26]} e3 {[%clk 00:02:31]} {[%emt
00:00:50]} 32. Nxe3 {[%clk 00:04:02]} {[%emt 00:00:21]} Qe4+ {[%clk 00:00:54]}
{[%emt 00:02:06]} 33. Ka1 {[%clk 00:04:02]} {[%emt 00:00:31]} Rd7 {[%clk
00:00:56]} {[%emt 00:00:29]} 34. Qc4 {[%clk 00:04:14]} {[%emt 00:00:18]} Re8
{[%clk 00:00:40]} {[%emt 00:00:45]} 35. a3 {[%clk 00:03:27]} {[%emt 00:01:18]}
Ree7 {[%clk 00:00:39]} {[%emt 00:00:31]} 36. Qb5 {[%clk 00:01:41]} {[%emt
00:02:15]} Rb7 {[%clk 00:00:36]} {[%emt 00:00:33]} 37. Nc4 {[%clk 00:01:05]}
{[%emt 00:01:07]} Qf4 {[%clk 00:00:43]} {[%emt 00:00:22]} 38. Rbg3 {[%clk
00:00:39]} {[%emt 00:00:56]} Ne4 {[%clk 00:00:40]} {[%emt 00:00:33]} 39. Rg4
{[%clk 00:00:54]} {[%emt 00:00:15]} Qf6 {[%clk 00:00:58]} {[%emt 00:00:13]} 40.
Ne3 {[%clk 00:01:03]} {[%emt 00:00:21]} Re5 {[%clk 00:00:44]} {[%emt 00:00:43]}
41. Qd3 {[%clk 00:29:36]} {[%emt 00:01:58]} Qd6 {[%clk 00:24:24]} {[%emt
00:06:49]} 42. Qc2 {[%clk 00:15:49]} {[%emt 00:14:18]} Rbe7 {[%clk 00:08:58]}
{[%emt 00:15:55]} 43. Nc4 {[%clk 00:11:51]} {[%emt 00:04:28]} Qc6 {[%clk
00:08:46]} {[%emt 00:00:42]} 44. Qg2 {[%clk 00:09:23]} {[%emt 00:02:58]} Rg5
{[%clk 00:07:51]} {[%emt 00:01:25]} 45. Rxg5 {[%clk 00:09:45]} {[%emt
00:00:09]} hxg5 {[%clk 00:08:19]} {[%emt 00:00:01]} 46. Nd2 {[%clk 00:10:01]}
{[%emt 00:00:14]} Qg6 {[%clk 00:06:07]} {[%emt 00:02:42]} 47. Nf3 {[%clk
00:09:21]} {[%emt 00:01:11]} Qf6 {[%clk 00:02:52]} {[%emt 00:03:43]} 48. Qg4
{[%clk 00:06:08]} {[%emt 00:03:44]} g6 {[%clk 00:03:17]} {[%emt 00:00:05]} 49.
Re1 {[%clk 00:06:12]} {[%emt 00:00:26]} Ra7 {[%clk 00:03:20]} {[%emt 00:00:27]}
50. Re3 {[%clk 00:04:47]} {[%emt 00:01:55]} Nc5 {[%clk 00:01:44]} {[%emt
00:02:04]} 51. Nxg5+ {[%clk 00:04:22]} {[%emt 00:00:57]} Kh6 {[%clk 00:01:44]}
{[%emt 00:00:30]} 52. Qh4+ {[%clk 00:04:13]} {[%emt 00:00:39]} Kg7 {[%clk
00:02:08]} {[%emt 00:00:06]} 53. Rf3 {[%clk 00:04:11]} {[%emt 00:00:33]} Rxa3+
{[%clk 00:00:40]} {[%emt 00:01:58]} 54. Rxa3 {[%clk 00:04:35]} {[%emt
00:00:05]} Qf1+ {[%clk 00:01:06]} {[%emt 00:00:03]} 55. Ka2 {[%clk 00:05:01]}
{[%emt 00:00:05]} 1-0

[Event "European Women's Chess Club Cup 2023"]
[Site "Durres, Albania"]
[Date "2023.10.07"]
[Round "7.2"]
[White "Socko, Monika"]
[Black "Yao, Lan"]
[Result "1/2-1/2"]
[TimeControl "90' + 30' & 30\""]
[WhiteElo "2380"]
[BlackElo "2311"]

1. d4 {[%clk 01:30:57]} {[%emt 00:00:03]} Nf6 {[%clk 01:30:52]} {[%emt
00:00:09]} 2. Nf3 {[%clk 01:31:20]} {[%emt 00:00:06]} d5 {[%clk 01:31:15]}
{[%emt 00:00:07]} 3. g3 {[%clk 01:30:57]} {[%emt 00:00:53]} e6 {[%clk
01:30:56]} {[%emt 00:00:49]} 4. Bg2 {[%clk 01:31:06]} {[%emt 00:00:21]} c5
{[%clk 01:30:58]} {[%emt 00:00:28]} 5. O-O {[%clk 01:29:37]} {[%emt 00:02:00]}
Nc6 {[%clk 01:31:01]} {[%emt 00:00:26]} 6. b3 {[%clk 01:28:01]} {[%emt
00:02:06]} Be7 {[%clk 01:27:42]} {[%emt 00:03:49]} 7. dxc5 {[%clk 01:23:35]}
{[%emt 00:04:57]} Bxc5 {[%clk 01:27:45]} {[%emt 00:00:26]} 8. Bb2 {[%clk
01:23:26]} {[%emt 00:00:39]} O-O {[%clk 01:27:28]} {[%emt 00:00:47]} 9. Nbd2
{[%clk 01:23:40]} {[%emt 00:00:16]} Re8 {[%clk 01:23:00]} {[%emt 00:04:58]} 10.
c4 {[%clk 01:19:44]} {[%emt 00:04:26]} d4 {[%clk 01:21:08]} {[%emt 00:02:23]}
11. a3 {[%clk 01:19:57]} {[%emt 00:00:16]} a5 {[%clk 01:19:23]} {[%emt
00:02:16]} 12. b4 {[%clk 01:18:01]} {[%emt 00:02:25]} axb4 {[%clk 01:19:37]}
{[%emt 00:00:16]} 13. Nb3 {[%clk 01:18:17]} {[%emt 00:00:15]} Bf8 {[%clk
01:18:20]} {[%emt 00:01:47]} 14. axb4 {[%clk 01:16:29]} {[%emt 00:02:18]} Rxa1
{[%clk 01:17:44]} {[%emt 00:01:05]} 15. Qxa1 {[%clk 01:16:08]} {[%emt
00:00:51]} Bxb4 {[%clk 01:11:32]} {[%emt 00:06:42]} 16. Nfxd4 {[%clk 01:13:05]}
{[%emt 00:03:34]} Nxd4 {[%clk 01:10:59]} {[%emt 00:01:03]} 17. Bxd4 {[%clk
01:10:56]} {[%emt 00:02:39]} Qe7 {[%clk 01:06:31]} {[%emt 00:04:58]} 18. c5
{[%clk 00:39:22]} {[%emt 00:32:05]} e5 {[%clk 01:06:06]} {[%emt 00:00:54]} 19.
Qa4 {[%clk 00:39:47]} {[%emt 00:00:05]} exd4 {[%clk 01:06:00]} {[%emt
00:00:36]} 20. Qxb4 {[%clk 00:40:13]} {[%emt 00:00:03]} Qxe2 {[%clk 01:05:43]}
{[%emt 00:00:48]} 21. Nxd4 {[%clk 00:40:40]} {[%emt 00:00:03]} Qe7 {[%clk
01:05:06]} {[%emt 00:01:06]} 22. Rc1 {[%clk 00:36:27]} {[%emt 00:04:44]} Ng4
{[%clk 01:02:33]} {[%emt 00:03:03]} 23. Qc3 {[%clk 00:34:23]} {[%emt 00:02:34]}
Qf6 {[%clk 00:56:34]} {[%emt 00:06:29]} 24. Nf3 {[%clk 00:33:29]} {[%emt
00:01:24]} Ne5 {[%clk 00:53:08]} {[%emt 00:03:55]} 25. Nxe5 {[%clk 00:32:42]}
{[%emt 00:01:18]} Qxe5 {[%clk 00:52:28]} {[%emt 00:01:10]} 26. Qb4 {[%clk
00:25:47]} {[%emt 00:07:25]} Qg5 {[%clk 00:50:06]} {[%emt 00:02:52]} 27. Rd1
{[%clk 00:24:49]} {[%emt 00:01:28]} g6 {[%clk 00:44:52]} {[%emt 00:05:44]} 28.
h4 {[%clk 00:23:27]} {[%emt 00:01:52]} Qe5 {[%clk 00:42:30]} {[%emt 00:02:51]}
29. Rc1 {[%clk 00:21:30]} {[%emt 00:02:28]} Re7 {[%clk 00:40:45]} {[%emt
00:02:14]} 30. Qb6 {[%clk 00:19:47]} {[%emt 00:02:14]} Kg7 {[%clk 00:40:16]}
{[%emt 00:00:59]} 31. Qd6 {[%clk 00:16:13]} {[%emt 00:04:04]} Re6 {[%clk
00:37:57]} {[%emt 00:02:48]} 32. Qd2 {[%clk 00:14:12]} {[%emt 00:02:31]} Re7
{[%clk 00:36:41]} {[%emt 00:01:47]} 33. Qb4 {[%clk 00:13:20]} {[%emt 00:01:22]}
Qf6 {[%clk 00:28:48]} {[%emt 00:08:23]} 34. Re1 {[%clk 00:06:55]} {[%emt
00:06:55]} Re5 {[%clk 00:27:20]} {[%emt 00:01:57]} 35. Rxe5 {[%clk 00:05:34]}
{[%emt 00:01:52]} Qxe5 {[%clk 00:27:48]} {[%emt 00:00:02]} 36. Kh2 {[%clk
00:05:46]} {[%emt 00:00:18]} h6 {[%clk 00:21:34]} {[%emt 00:06:45]} 37. f4
{[%clk 00:04:04]} {[%emt 00:02:12]} Qf5 {[%clk 00:21:18]} {[%emt 00:00:45]} 38.
Qd4+ {[%clk 00:03:32]} {[%emt 00:01:02]} Qf6 {[%clk 00:18:04]} {[%emt
00:03:43]} 39. Qxf6+ {[%clk 00:03:25]} {[%emt 00:00:38]} Kxf6 {[%clk 00:18:33]}
{[%emt 00:00:02]} 40. Bd5 {[%clk 00:03:46]} {[%emt 00:00:08]} g5 {[%clk
00:14:35]} {[%emt 00:04:27]} 41. Kg2 {[%clk 00:02:49]} {[%emt 00:01:27]} gxf4
{[%clk 00:11:35]} {[%emt 00:03:30]} 42. gxf4 {[%clk 00:03:14]} {[%emt
00:00:06]} Kg6 {[%clk 00:03:11]} {[%emt 00:08:54]} 43. Kf3 {[%clk 00:29:15]}
{[%emt 00:04:29]} f6 {[%clk 00:31:57]} {[%emt 00:01:43]} 44. Be4+ {[%clk
00:27:25]} {[%emt 00:02:21]} Kf7 {[%clk 00:30:44]} {[%emt 00:01:42]} 45. Ke3
{[%clk 00:16:30]} {[%emt 00:11:26]} Ke7 {[%clk 00:31:01]} {[%emt 00:00:13]} 46.
Kd4 {[%clk 00:15:52]} {[%emt 00:01:08]} Kd8 {[%clk 00:30:30]} {[%emt 00:01:00]}
47. Kd5 {[%clk 00:12:13]} {[%emt 00:04:09]} Ke7 {[%clk 00:27:22]} {[%emt
00:03:39]} 48. Kd4 {[%clk 00:10:56]} {[%emt 00:01:48]} Kd8 {[%clk 00:27:41]}
{[%emt 00:00:10]} 49. Bd5 {[%clk 00:11:07]} {[%emt 00:00:20]} Kc7 {[%clk
00:27:14]} {[%emt 00:00:56]} 50. Bf3 {[%clk 00:09:57]} {[%emt 00:01:39]} Bd7
{[%clk 00:25:43]} {[%emt 00:02:01]} 51. Bd1 {[%clk 00:09:40]} {[%emt 00:00:48]}
Bc6 {[%clk 00:25:13]} {[%emt 00:00:59]} 52. Bb3 {[%clk 00:09:19]} {[%emt
00:00:51]} Bg2 {[%clk 00:24:58]} {[%emt 00:00:45]} 53. Bf7 {[%clk 00:07:41]}
{[%emt 00:02:09]} b6 {[%clk 00:20:32]} {[%emt 00:04:56]} 54. cxb6+ {[%clk
00:07:38]} {[%emt 00:00:32]} Kxb6 {[%clk 00:21:00]} {[%emt 00:00:02]} 55. Bd5
{[%clk 00:08:01]} {[%emt 00:00:07]} Bh3 {[%clk 00:21:22]} {[%emt 00:00:09]} 56.
Be4 {[%clk 00:07:41]} {[%emt 00:00:50]} Kc7 {[%clk 00:20:49]} {[%emt 00:01:02]}
57. Bd5 {[%clk 00:07:27]} {[%emt 00:00:44]} 1/2-1/2

[Event "European Women's Chess Club Cup 2023"]
[Site "Durres, Albania"]
[Date "2023.10.07"]
[Round "7.3"]
[White "Hunt, Harriet V"]
[Black "Cyfka, Karina"]
[Result "0-1"]
[TimeControl "90' + 30' & 30\""]
[WhiteElo "2316"]
[BlackElo "2350"]

1. e4 {[%clk 01:30:58]} {[%emt 00:00:01]} e5 {[%clk 01:30:52]} {[%emt
00:00:09]} 2. Nf3 {[%clk 01:31:19]} {[%emt 00:00:08]} Nc6 {[%clk 01:31:16]}
{[%emt 00:00:06]} 3. Bb5 {[%clk 01:31:41]} {[%emt 00:00:08]} a6 {[%clk
01:31:27]} {[%emt 00:00:19]} 4. Ba4 {[%clk 01:32:05]} {[%emt 00:00:06]} Nf6
{[%clk 01:31:18]} {[%emt 00:00:39]} 5. O-O {[%clk 01:32:20]} {[%emt 00:00:16]}
Be7 {[%clk 01:31:07]} {[%emt 00:00:41]} 6. d3 {[%clk 01:32:18]} {[%emt
00:00:32]} b5 {[%clk 01:30:20]} {[%emt 00:01:16]} 7. Bb3 {[%clk 01:32:42]}
{[%emt 00:00:06]} O-O {[%clk 01:29:23]} {[%emt 00:01:27]} 8. a3 {[%clk
01:32:54]} {[%emt 00:00:20]} d6 {[%clk 01:26:49]} {[%emt 00:03:03]} 9. Nc3
{[%clk 01:32:52]} {[%emt 00:00:32]} h6 {[%clk 01:24:30]} {[%emt 00:02:48]} 10.
h3 {[%clk 01:31:21]} {[%emt 00:02:01]} Be6 {[%clk 01:21:47]} {[%emt 00:03:13]}
11. Nd5 {[%clk 01:28:34]} {[%emt 00:03:17]} Qd7 {[%clk 01:18:06]} {[%emt
00:04:12]} 12. c3 {[%clk 01:21:12]} {[%emt 00:07:52]} Bd8 {[%clk 01:13:51]}
{[%emt 00:04:45]} 13. Re1 {[%clk 01:11:02]} {[%emt 00:10:40]} Nh7 {[%clk
01:05:09]} {[%emt 00:09:11]} 14. d4 {[%clk 01:06:18]} {[%emt 00:05:14]} exd4
{[%clk 01:00:12]} {[%emt 00:05:27]} 15. cxd4 {[%clk 01:05:20]} {[%emt
00:01:29]} Na5 {[%clk 01:00:16]} {[%emt 00:00:26]} 16. Bc2 {[%clk 00:58:39]}
{[%emt 00:07:11]} Qc8 {[%clk 00:53:59]} {[%emt 00:06:46]} 17. Nf4 {[%clk
00:53:51]} {[%emt 00:05:17]} Bd7 {[%clk 00:52:37]} {[%emt 00:01:53]} 18. Qd3
{[%clk 00:51:38]} {[%emt 00:02:43]} Re8 {[%clk 00:52:20]} {[%emt 00:00:47]} 19.
Bd2 {[%clk 00:47:58]} {[%emt 00:04:10]} c5 {[%clk 00:42:21]} {[%emt 00:10:29]}
20. e5 {[%clk 00:39:16]} {[%emt 00:09:13]} Nf8 {[%clk 00:42:44]} {[%emt
00:00:05]} 21. exd6 {[%clk 00:36:33]} {[%emt 00:03:14]} c4 {[%clk 00:42:57]}
{[%emt 00:00:17]} 22. Qc3 {[%clk 00:36:39]} {[%emt 00:00:25]} Nb7 {[%clk
00:38:33]} {[%emt 00:04:54]} 23. Rxe8 {[%clk 00:31:09]} {[%emt 00:05:59]} Bxe8
{[%clk 00:38:59]} {[%emt 00:00:04]} 24. Qe3 {[%clk 00:28:05]} {[%emt 00:03:34]}
c3 {[%clk 00:31:47]} {[%emt 00:07:42]} 25. Bxc3 {[%clk 00:26:54]} {[%emt
00:01:41]} Nxd6 {[%clk 00:32:08]} {[%emt 00:00:09]} 26. Rc1 {[%clk 00:25:20]}
{[%emt 00:02:04]} Bd7 {[%clk 00:28:29]} {[%emt 00:04:08]} 27. Ne5 {[%clk
00:23:39]} {[%emt 00:02:12]} Bg5 {[%clk 00:26:34]} {[%emt 00:02:26]} 28. Nxd7
{[%clk 00:21:00]} {[%emt 00:03:08]} Qxd7 {[%clk 00:26:43]} {[%emt 00:00:21]} 29.
Qf3 {[%clk 00:21:11]} {[%emt 00:00:19]} Qb7 {[%clk 00:25:35]} {[%emt 00:01:37]}
30. d5 {[%clk 00:17:45]} {[%emt 00:03:56]} Ng6 {[%clk 00:19:14]} {[%emt
00:06:51]} 31. Nxg6 {[%clk 00:13:38]} {[%emt 00:04:38]} Bxc1 {[%clk 00:19:29]}
{[%emt 00:00:15]} 32. Ne5 {[%clk 00:14:01]} {[%emt 00:00:07]} Re8 {[%clk
00:14:22]} {[%emt 00:05:37]} 33. Qd3 {[%clk 00:13:16]} {[%emt 00:01:16]} f5
{[%clk 00:14:31]} {[%emt 00:00:21]} 34. g4 {[%clk 00:11:46]} {[%emt 00:01:59]}
Qe7 {[%clk 00:10:51]} {[%emt 00:04:10]} 35. gxf5 {[%clk 00:10:19]} {[%emt
00:01:57]} Bf4 {[%clk 00:11:02]} {[%emt 00:00:18]} 36. Nf3 {[%clk 00:08:01]}
{[%emt 00:02:47]} Ne4 {[%clk 00:07:13]} {[%emt 00:04:20]} 37. Bb3 {[%clk
00:05:51]} {[%emt 00:02:41]} Bd6 {[%clk 00:07:10]} {[%emt 00:00:32]} 38. Bb4
{[%clk 00:03:56]} {[%emt 00:02:25]} Qf6 {[%clk 00:06:54]} {[%emt 00:00:47]} 39.
Bxd6 {[%clk 00:02:58]} {[%emt 00:01:27]} Nxd6 {[%clk 00:06:32]} {[%emt
00:00:52]} 40. Kg2 {[%clk 00:02:06]} {[%emt 00:01:22]} Qxb2 {[%clk 00:02:42]}
{[%emt 00:04:20]} 41. Nd4 {[%clk 00:01:39]} {[%emt 00:00:56]} Re5 {[%clk
00:22:20]} {[%emt 00:10:52]} 42. Bc2 {[%clk 00:22:07]} {[%emt 00:10:03]} Qc1
{[%clk 00:16:45]} {[%emt 00:06:05]} 43. Ne6 {[%clk 00:17:47]} {[%emt 00:04:49]}
Re1 {[%clk 00:10:06]} {[%emt 00:07:09]} 44. f6 {[%clk 00:16:10]} {[%emt
00:02:07]} Ne4 {[%clk 00:06:35]} {[%emt 00:04:01]} 45. fxg7 {[%clk 00:11:11]}
{[%emt 00:05:29]} Rg1+ {[%clk 00:04:16]} {[%emt 00:02:49]} 46. Kf3 {[%clk
00:11:30]} {[%emt 00:00:11]} Nd2+ {[%clk 00:04:27]} {[%emt 00:00:19]} 47. Kf4
{[%clk 00:10:38]} {[%emt 00:01:22]} Nc4+ {[%clk 00:04:36]} {[%emt 00:00:21]} 48.
Kf5 {[%clk 00:10:50]} {[%emt 00:00:18]} Qe1 {[%clk 00:02:07]} {[%emt 00:02:59]}
49. f4 {[%clk 00:06:31]} {[%emt 00:04:48]} Nd6+ {[%clk 00:01:37]} {[%emt
00:01:01]} 50. Kf6 {[%clk 00:06:49]} {[%emt 00:00:12]} Qh4+ {[%clk 00:02:04]}
{[%emt 00:00:02]} 51. Ke5 {[%clk 00:04:04]} {[%emt 00:03:15]} Nc4+ {[%clk
00:02:29]} {[%emt 00:00:06]} 52. Kf5 {[%clk 00:04:03]} {[%emt 00:00:30]} Rg3
{[%clk 00:01:58]} {[%emt 00:01:01]} 53. Qd4 {[%clk 00:03:05]} {[%emt 00:01:27]}
Qxh3+ {[%clk 00:02:11]} {[%emt 00:00:18]} 54. Kf6 {[%clk 00:03:19]} {[%emt
00:00:16]} Qh4+ {[%clk 00:02:19]} {[%emt 00:00:23]} 55. Kf5 {[%clk 00:03:43]}
{[%emt 00:00:05]} Re3 {[%clk 00:02:19]} {[%emt 00:00:30]} 56. Qc5 {[%clk
00:02:31]} {[%emt 00:01:42]} Qh5+ {[%clk 00:02:19]} {[%emt 00:00:30]} 57. Ng5
{[%clk 00:02:36]} {[%emt 00:00:25]} Re8 {[%clk 00:02:42]} {[%emt 00:00:07]} 58.
Bd1 {[%clk 00:01:43]} {[%emt 00:01:24]} Qxd1 {[%clk 00:02:47]} {[%emt
00:00:25]} 59. Ne6 {[%clk 00:02:07]} {[%emt 00:00:06]} Qh5+ {[%clk 00:02:24]}
{[%emt 00:00:51]} 0-1